Catálogo - Centro de Recursos para el Aprendizaje y la Investigación
Volver al Sitio - CRAI Biblioteca| 000 -CABECERA | |
|---|---|
| campo de control de longitud fija | 01764cam a22003015i 4500 |
| 001 - NÚMERO DE CONTROL | |
| campo de control | 114234 |
| 003 - IDENTIFICADOR DEL NÚMERO DE CONTROL | |
| campo de control | DR-UNIBE |
| 005 - FECHA Y HORA DE LA ÚLTIMA TRANSACCIÓN | |
| campo de control | 20251126092930.0 |
| 008 - DATOS DE LONGITUD FIJA--INFORMACIÓN GENERAL | |
| campo de control de longitud fija | 251126t2024 mx a b 001 0 spa d |
| 020 ## - NÚMERO INTERNACIONAL ESTÁNDAR DEL LIBRO | |
| Número Internacional Estándar del Libro | 9786075698212 |
| 040 ## - FUENTE DE LA CATALOGACIÓN | |
| Centro catalogador/agencia de origen | BIBLIOTECA UNIBE |
| Centro/agencia transcriptor | BIBLIOTECA UNIBE |
| Normas de descripción | rda |
| 041 ## - CÓDIGO DE LENGUA | |
| Código de lengua del texto/banda sonora o título independiente | spa |
| Código de lengua original | eng |
| 082 04 - NÚMERO DE LA CLASIFICACIÓN DECIMAL DEWEY | |
| Número de clasificación | 170.44 P485m |
| Número de edición | 23 |
| 100 1# - ENTRADA PRINCIPAL--NOMBRE DE PERSONA | |
| Nombre de persona | Peterson, Jordan B., |
| Término indicativo de función/relación | autor |
| 9 (RLIN) | 200696 |
| 245 10 - MENCIÓN DE TÍTULO | |
| Título | Más allá del orden : |
| Resto del título | 12 nuevas reglas para vivir / |
| Mención de responsabilidad, etc. | Jordan B. Peterson |
| 264 #1 - PRODUCCIÓN, PUBLICACIÓN, DISTRIBUCIÓN, FABRICACIÓN Y COPYRIGHT | |
| Producción, publicación, distribución, fabricación y copyright | México : |
| Nombre del de productor, editor, distribuidor, fabricante | Editorial Planeta, |
| Fecha de producción, publicación, distribución, fabricación o copyright | 2018 |
| 300 ## - DESCRIPCIÓN FÍSICA | |
| Extensión | 477 páginas : |
| Otras características físicas | ilustraciones |
| 490 ## - MENCIÓN DE SERIE | |
| Mención de serie | Vivir mejor. Prácticos |
| 505 ## - NOTA DE CONTENIDO CON FORMATO | |
| Nota de contenido con formato | Regla 1 No denigres a la ligera ni las instituciones sociales ni el logro creativo |<br/>Regla 2 Imagina quién podrías ser y pon todo tu empeño en serlo |<br/>Regla 3 No escondas en la niebla las cosas que no desees |<br/>Regla 4 Piensa que la oportunidad reluce allí donde se ha renunciado a la responsabilidad |<br/>Regla 5 No hagas lo que aborreces |<br/>Regla 6 Abandona la ideología |<br/>Regla 7 Al Menos esfuérzate al máximo en una cosa y espera a ver qué pasa |<br/>Regla 8 Intenta tener una habitación de tu casa lo más bonita posible |<br/>Regla 9 Si aún te corroen viejos recuerdos, escribe sobre ellos fielmente y con todo lujo de detalles |<br/>Regla 10 Planifica y esfuérzate por mantener viva la llama de tu relación |<br/>Regla 11 No te vuelvas rencoroso, mentiroso o arrogante |<br/>Regla 12 Muestra gratitud a pesar de tu sufrimiento |<br/> |
| 650 #7 - PUNTO DE ACCESO ADICIONAL DE MATERIA--TÉRMINO DE MATERIA | |
| Término de materia o nombre geográfico como elemento de entrada | Conducta (Ética) |
| 650 #7 - PUNTO DE ACCESO ADICIONAL DE MATERIA--TÉRMINO DE MATERIA | |
| Término de materia o nombre geográfico como elemento de entrada | Conducta (Psicología) |
| 650 #7 - PUNTO DE ACCESO ADICIONAL DE MATERIA--TÉRMINO DE MATERIA | |
| Término de materia o nombre geográfico como elemento de entrada | Autoayuda |
| 650 #7 - PUNTO DE ACCESO ADICIONAL DE MATERIA--TÉRMINO DE MATERIA | |
| Término de materia o nombre geográfico como elemento de entrada | Psicología aplicada |
| 9 (RLIN) | 8752 |
| 653 00 - TÉRMINO DE INDIZACIÓN--NO CONTROLADO | |
| Término no controlado | Conducta de vida |
| 653 00 - TÉRMINO DE INDIZACIÓN--NO CONTROLADO | |
| Término no controlado | Crecimiento personal |
| 700 ## - PUNTO DE ACCESO ADICIONAL--NOMBRE DE PERSONA | |
| Nombre de persona | Sirvent Almenar, Judit |
| Término indicativo de función/relación | traductor |
| 9 (RLIN) | 201020 |
| 942 ## - ELEMENTOS DE PUNTO DE ACCESO ADICIONAL (KOHA) | |
| Fuente del sistema de clasificación o colocación | Sistema de Clasificación Decimal Dewey |
| Tipo de ítem Koha | Libro (general) |
| Estado de retiro | Estado de pérdida | Fuente del sistema de clasificación o colocación | No para préstamo | Código de colección | Localización permanente | Fecha de adquisición | Total de préstamos | Signatura topográfica completa | Código de barras | Fecha visto por última vez | Número de copia | Precio válido a partir de | Tipo de ítem Koha |
|---|---|---|---|---|---|---|---|---|---|---|---|---|---|
| Disponible | Sistema de Clasificación Decimal Dewey | General | Biblioteca Central UNIBE | 26/11/2025 | 170.44 P485m | 251154 | 26/11/2025 | Ej. 1 | 26/11/2025 | Libro (general) |